Organic Chemistry, Volume-2: Stereochchemistry and the Chemistry and the Chemistry Natural Products (Record no. 41201)

MARC details
000 -LEADER
fixed length control field 00566nam a2200193Ia 4500
008 - FIXED-LENGTH DATA ELEMENTS--GENERAL INFORMATION
fixed length control field 220531s9999 xx 000 0 und d
041 ## - LANGUAGE CODE
Language code of text/sound track or separate title eng
082 ## - DEWEY DECIMAL CLASSIFICATION NUMBER
Classification number 547
Item number ORG / FIN
100 ## - MAIN ENTRY--PERSONAL NAME
Personal name Finar, I. L.
9 (RLIN) 73944
245 ## - TITLE STATEMENT
Title Organic Chemistry, Volume-2: Stereochchemistry and the Chemistry and the Chemistry Natural Products
250 ## - EDITION STATEMENT
Edition statement 5th
260 ## - PUBLICATION, DISTRIBUTION, ETC. (IMPRINT)
Place of publication, distribution, etc. New Delhi
Name of publisher, distributor, etc. Pearson
Date of publication, distribution, etc. 2014
300 ## - PHYSICAL DESCRIPTION
Extent 956
542 ## - INFORMATION RELATING TO COPYRIGHT STATUS
Copyright holder 16-03-2017
551 ## -
-- Science
-- Non-grant-SCI
650 ## - SUBJECT ADDED ENTRY--TOPICAL TERM
Topical term or geographic name as entry element Organic Chemistry
9 (RLIN) 73945
906 ## - LOCAL DATA ELEMENT F, LDF (RLIN)
d 2016-2017
f 10632
Holdings
Withdrawn status Lost status Source of classification or shelving scheme Damaged status Not for loan Collection code Home library Current library Date acquired Vendor Cost, normal purchase price Total Checkouts Total Holds Full call number Barcode Date last seen Cost, replacement price Bill Date Koha item type Original Barcode
    Dewey Decimal Classification       Shri Siddhivinayak Mahila Mahavidyalaya Shri Siddhivinayak Mahila Mahavidyalaya 28/03/2017 Vaibhav 959.00   1 547/ORG/FIN/B/21533 SSMM-BK-21533 06/08/2022 959.00 06/08/2022 Books 010021533